000 00296nam a22001337a 4500
008 170802b xxu||||| |||| 00| 0 eng d
020 _a137151068500229500000000
041 _aeng
080 _a004
100 _a32
101 _aSHK
245 _aEMERGING VIRUSES
_cMORSE,S.S
942 _2udc
_cBK
999 _c22488
_d22488